El paso del latín al romance y fijación escrita de este /
Zapisane w:
| 1. autor: | |
|---|---|
| Format: | Nieznany |
| Język: | Spanish |
| Hasła przedmiotowe: | |
| Etykiety: |
Dodaj etykietę
Nie ma etykietki, Dołącz pierwszą etykiete!
|
MARC
| LEADER | 000000000a22000000004500 | ||
|---|---|---|---|
| 001 | 009023 | ||
| 041 | 0 | |a spa | |
| 100 | 1 | |a Quirós Rodríguez, Manuel Antonio | |
| 245 | 1 | 3 | |a El paso del latín al romance y fijación escrita de este / |c Manuel Antonio Quirós Rodríguez. |
| 310 | |a semestral | ||
| 650 | 4 | |a LATIN | |
| 650 | 4 | |a HISTORIA | |
| 773 | 0 | |x 0377-628X |d San José, Costa Rica : Editorial Universidad de Costa Rica |t Revista de Filología y Lingüística de la Universidad de Costa Rica |g volumen XV, número 1 (1989), páginas 67-76 | |
| 942 | |c ARC | ||
| 999 | |c 14958 |d 14958 | ||
